000 00671nam a22001577a 4500
003 OSt
005 20150906143413.0
008 150906b xxu||||| |||| 00| 0 eng d
040 _cRUA
082 _aAGR ពេជ​ 1990 B001 Or.1
100 _9108
_aពេជ ផល្លី
245 _aលក្ខណៈរូប-គីមីនៃដីល្បប់ល្បាយខ្សាច់និងប្រព័ន្ធជីសំរាប់ប្រើប្រាស់ចំពោះដំណាំពោតក្នុងលក្ខខ័ណ្ឌចំការដូង
260 _aPhnom Penh
_bRUA
_c1990
300 _a117p.
_bill.
_c29cm.
942 _2ddc
_cAGR
999 _c100
_d100